000 00700nam a2200289Ia 4500
005 20260324125044.0
008 008 260324s9999 xx 000 0 eng d
020 _a9780203878804
037 _aEBOOK
040 _aCRL
040 _beng
040 _cCRL
041 _2eng
041 _aeng
084 _qCRL
100 _aAnne Grinyer
_91176522
245 0 _aLife After Cancer in Adolescence and Young Adulthood
245 4 _bThe Experience of Survivorship
260 _bTaylor and Francis
260 _c2009
365 _a
365 _b230
856 _uhttp://www.taylorfrancis.com/books/9780203878804
942 _cEBOOK
999 _c1771450
_d1771450